Curschmann-Album beliebte Lieder und dreistimmige Gesänge mit Pianoforte Begleitung /

Hlavní autor: Curschmann, Karl Friedrich, 1805-1841
Další autoři: Kremser, Eduard, 1838-1914
Jazyk: Němčina
Vydáno: In Wien : Universal-Edition Aktiengesellschaft, [190-?]
Edice: Universal-Edition
Fyzický popis: 86 s.
Hudebniny Hudebniny
Uloženo v:
LEADER 00919ncm a22002412a 4500
001 000409218
003 CZ BrMZK
005 20111017145955.0
007 qu
008 990305q190u au f ger d
040 |a BOA001  |b cze 
072 7 |a 784  |x Vokální hudba  |2 Konspekt  |9 9 
100 1 |a Curschmann, Karl Friedrich,  |d 1805-1841  |7 mzk2007394906  |4 cmp 
245 1 0 |a Curschmann-Album  |h [hudebnina] :  |b beliebte Lieder und dreistimmige Gesänge mit Pianoforte Begleitung /  |c von Fr. Curschmann ; revidiert von Eduard Kremser 
260 |a In Wien :  |b Universal-Edition Aktiengesellschaft,  |c [190-?] 
300 |a 86 s. 
490 1 |a Universal-Edition ;  |v No. 545 
700 1 |a Kremser, Eduard,  |d 1838-1914  |7 ola2007364602  |4 edt 
830 0 |a Universal-Edition 
910 |a BOA001  |b Mus3-0224.136 
990 |a MU 
991 |b 201110 
996 6 |b 2619770336  |c Mus3-0224.136  |l MZK  |r Sklad / do 1 hodiny  |n 2  |w 000409218  |u 000010  |a 1  |e BOA001  |j MZK50  |s P